| 000 | 00827nam a22002897a 4500 | ||
|---|---|---|---|
| 003 | CHAP | ||
| 005 | 20220329140516.0 | ||
| 008 | 971013s1980 r 00010 d | ||
| 010 | _a53059 | ||
| 011 | _a54031 | ||
| 035 | _a58181 | ||
| 040 | _cCHAP | ||
| 090 | _aFolleto 7252 | ||
| 100 | 0 | 0 |
_aRoss, D. S. _9100175 |
| 245 | _aTrickle irrigation | ||
| 260 |
_aIthaca : _bNortheast Regional Agricultural Engineering Service, _c1980 |
||
| 300 | _a23 p. | ||
| 490 |
_aNRAES _v; 4 |
||
| 590 |
_aBATCH-UPD _b10 _c20130110 _lUCH01 _h0827 |
||
| 590 |
_aCONVERSION _b10 _c20130109 _lUCH01 _h1329 |
||
| 650 | 1 | 4 |
_aRiego por goteo. _997380 |
| 830 | 0 |
_aNRAES _v; 4 _982092 |
|
| 901 | _aBK | ||
| 942 | _cFOLL | ||
| 949 |
_aFolleto 7252 _bBC _cFOLL _d-126375 _eTS1 _i58181 _si |
||
| 949 |
_aFolleto 7252 _bBC _cFOLL _d-126376 _eTS2 _fc.2 _i58181 _si |
||
| 999 |
_c53059 _d53059 |
||